Children of the Tenements (Record no. 250838)
[ view plain ]
| 000 -LEADER | |
|---|---|
| fixed length control field | 01843cam a22002773a 4500 |
| 001 - CONTROL NUMBER | |
| control field | 21583 |
| 003 - CONTROL NUMBER IDENTIFIER | |
| control field | PGUSA |
| 005 - DATE AND TIME OF LATEST TRANSACTION | |
| control field | 20140828083447.0 |
| 008 - FIXED-LENGTH DATA ELEMENTS--GENERAL INFORMATION | |
| fixed length control field | 070523s2007||||xxu|||||s|||||000 1 eng d |
| 040 ## - CATALOGING SOURCE | |
| Original cataloging agency | PGUSA |
| Language of cataloging | eng |
| 042 ## - AUTHENTICATION CODE | |
| Authentication code | dc |
| 050 #4 - LIBRARY OF CONGRESS CALL NUMBER | |
| Classification number | PS |
| 100 1# - MAIN ENTRY--PERSONAL NAME | |
| Personal name | Riis, Jacob A. |
| Fuller form of name | (Jacob August), |
| Dates associated with a name | 1849-1914 |
| 245 10 - TITLE STATEMENT | |
| Title | Children of the Tenements |
| Medium | [electronic resource] / |
| Statement of responsibility, etc | Jacob A. Riis |
| 260 ## - PUBLICATION, DISTRIBUTION, ETC. (IMPRINT) | |
| Name of publisher, distributor, etc | Project Gutenberg, |
| Date of publication, distribution, etc | 2007 |
| 505 0# - FORMATTED CONTENTS NOTE | |
| Formatted contents note | The rent baby -- A story of Bleecker Street -- The kid hangs up his stocking -- The slipper-maker's fast -- Death comes to Cat Alley -- A proposal on the elevated -- Little Will's message -- Lost children -- Paolo's awakening -- The little dollar's Christmas journey -- The kid -- When the letter came -- The cat took the kosher meat -- Nibsy's Christmas -- In the children's hospital -- Nigger Martha's wake -- What the Christmas sun saw in the tenements -- Midwinter in New York -- A chip from the maelstrom -- Sarah Joyce's husbands -- Merry Christmas in the tenements -- Abe's game of jacks -- A little picture -- A dream of the woods -- 'Twas 'Liza's doings -- Heroes who fight fire -- John Gavin, misfit -- A heathen baby -- The christening in Bottle Alley -- In the Mulberry Street court -- Difficulties of a deacon -- Fire in the barracks -- War on the goats -- He kept his tryst -- Rover's last fight -- How Jim went to the war -- A backwoods hero -- Jack's sermon -- Skippy of Scrabble Alley -- Making a way out of the slum. |
| 506 ## - RESTRICTIONS ON ACCESS NOTE | |
| Terms governing access | Public domain in the USA. |
| 516 ## - TYPE OF COMPUTER FILE OR DATA NOTE | |
| Type of computer file or data note | Electronic text |
| 653 ## - INDEX TERM--UNCONTROLLED | |
| Uncontrolled term | Tenement houses -- Fiction |
| 653 ## - INDEX TERM--UNCONTROLLED | |
| Uncontrolled term | New York (N.Y.) -- Fiction |
| 653 ## - INDEX TERM--UNCONTROLLED | |
| Uncontrolled term | Short stories, American |
| 700 1# - ADDED ENTRY--PERSONAL NAME | |
| Personal name | Relyea, C. M. |
| Fuller form of name | (Charles M.), |
| Dates associated with a name | 1863-1932 |
| 830 #0 - SERIES ADDED ENTRY--UNIFORM TITLE | |
| Uniform title | Project Gutenberg |
| Volume number/sequential designation | 21583 |
| 856 40 - ELECTRONIC LOCATION AND ACCESS | |
| Uniform Resource Identifier | <a href="http://www.gutenberg.org/ebooks/21583">http://www.gutenberg.org/ebooks/21583</a> |
| 942 ## - ADDED ENTRY ELEMENTS (KOHA) | |
| Koha item type | eBooks |
| Withdrawn status | Lost status | Damaged status | Home library | Current library | Date acquired | Total Checkouts | Date last seen | Price effective from | Koha item type |
|---|---|---|---|---|---|---|---|---|---|
| Project Gutenberg | Project Gutenberg | 08/28/2014 | 08/28/2014 | 08/28/2014 | eBooks |